000 01289cam a2200289 i 4500
003 SA-RiAUC
005 20241217141007.0
008 241019s1939 ua g 00000 ara c
040 _aSA-RiAUC
_bara
_cSA-RiAUC
_erda
082 0 4 _a252
090 _a ن 252
_b ش ب ي
100 1 _aالشبيني، أحمد،
_dتوفي حوالي 1263 هجري
_eمؤلف.
245 1 0 _aحاشية على شرح الرملي للستين مسألة /
_cتأليف أحمد الميهي الشيبني النعماني. وبالهامش شرح الستين مسألة / لأحمد الرملي.
250 _aالطبعة الأخيرة.
264 1 _aالقاهرة :
_bمصطفي البالي الحلبي،
_c1939
300 _a88 صفحة ؛
_c28 سم
336 _aنص
_btxt
_2rdacontent
_3كتاب
337 _aبدون وسيط
_bn
_2rdamedia
338 _aمجلد
_bnc
_2rdacarrier
650 7 _aالعبادات (فقه إسلامي)
_2aucsh
650 7 _aالأحكام الشرعية
_2aucsh
700 1 2 _aالرملي، أحمد بن حمزة الرملي،
_dتوفي 957 هجري
_tشرح الستين مسألة.
740 0 2 _aشرح الستين مسألة.
740 2 _aالستين مسألة.
942 _2ddc
_cRARE BOOK
_n0
949 _aSA-JeALM
_d241019
_umohamedma123
_n1
999 _c3608
_d3608